Statistics for Name the Taylor Swift Song from one line - Red (TV) - 1

Click here to take the quiz!

General Stats

  • This quiz has been taken 31 times
    (9 since last reset)
  • The average score is 10 of 14

Answer Stats

LineSong% Correct
It feels like one of those nights
We won't be sleepin'
22
100%
We're dancing ‘round the kitchen in the refrigerator lightAll Too Well
100%
Losing him was blue like I'd never knownRed
100%
I remember when we broke up the first timeWe Are Never Ever Getting Back Together
100%
Call a cab, lose my number
You're about to lose your girl
Girl At Home
88%
And I heard you moved on from whispers on the streetI Knew You Were Trouble
88%
This is the worthwhile fight
Love is a ruthless game
State Of Grace
88%
'Cause you could be the one I love
I could be the one that you dream
Message In A Bottle
75%
It was the best night, never would forget how he movedStarlight
63%
And so it was, We never saw it comin'. Not trying to fall in love,The Very First Night
63%
Sometimes, in the middle of the night, I can feel you againBetter Man
50%
Standing there in my party dress
In red lipstick
The Moment I Knew
50%
And the note from the locket, you keep it in your pocketRun
38%
Hang up, give up and, for the life of us, we can't get backSad Beautiful Tragic
38%

Score Distribution

Percentile by Number Answered

Percent of People with Each Score

Your Score History

You have not taken this quiz since the last reset